| 000 | 00587nam a2200145Ia 4500 | ||
|---|---|---|---|
| 008 | 170221s9999 xx 000 0 und d | ||
| 100 | _aKonstantin V. Vodenko | ||
| 245 | _aModern Institutes and Regulatory Forms of Social and Labor Relations in Russian Society | ||
| 245 | _cKonstantin V. Vodenko, Olga M. Shevchenko, Tatyana I. Barsukova, Ekaterina I. Hubuluri, Natalya V. Mishina | ||
| 260 | _bInternational Review of Management and Marketing | ||
| 260 | _cJune 2013 | ||
| 300 | _a5:1 | ||
| 650 | _xMarketing. | ||
| 856 | _uhttp://www.econjournals.com/index.php/irmm/issue/view/86 | ||
| 999 |
_c310285 _d310285 |
||